La clínica del presente (Record no. 44787)

MARC details
000 -LEADER
campo de control de longitud fija 01754nam a2200289 i 4500
001 - NÚMERO DE CONTROL
campo de control 44787
003 - IDENTIFICADOR DE NÚMERO DE CONTROL
campo de control ES-MaACL
005 - FECHA Y HORA DE LA ÚLTIMA TRANSACCIÓN
campo de control 20250806053931.0
007 - CAMPO FIJO DE DESCRIPCIÓN FÍSICA--INFORMACIÓN GENERAL
campo de control de longitud fija t|
008 - DATOS DE LONGITUD FIJA--INFORMACIÓN GENERAL
campo de control de longitud fija 030324m19591967sp adfo |||| | spa d
080 ## - NÚMERO DE LA CLASIFICACIÓN DECIMAL UNIVERSAL
Número de la Clasificación Decimal Universal 616(02)
245 03 - MENCIÓN DEL TÍTULO
Título La clínica del presente
Resto del título : un tratado siempre actual de medicina práctica /
Mención de responsabilidad, etc. dirigido por Rudolf Cobet, Kurt Gutzeit, Hans Erhard Bock ; con más de doscientos colaboradores ; [traducciones... del alemán por los doctores J. Morales Belda, F. Ruiz Torres ... (et al.)].
250 ## - MENCION DE EDICION
Mención de edición 1ª ed. española.
260 ## - PUBLICACIÓN, DISTRIBUCIÓN, ETC.
Lugar de publicación, distribución, etc. Madrid :
Nombre del editor, distribuidor, etc. Alhambra,
Fecha de publicación, distribución, etc. 1959-1963.
300 ## - DESCRIPCIÓN FÍSICA
Extensión 10 v. (h. de lám. col.) :
Otras características físicas il., fot., gráf. ;
Dimensiones 27 cm.
505 8# - NOTA DE CONTENIDO CON FORMATO
Nota de contenido con formato Contiene: t. I-II (con 143 fig. y 2 lám.; con 188 fig. y 8 lám. col.) + Índice de materias de los t. I y II - t. III (con 88 fig. y 8 lám. col.) + Índice... t. I a III - t. IV (con 106 fig. y 5 lám. col.) + Índice... t. I a IV - t. V (con 149 fig. y 6 lám. col.) + Índice... t. I a V - t. VI (con 169 fig. y 3 lám. col.) + Índice... t. I a t. VI - t. VII (con 86 fig. y 6 lám. col.) + Índice de materias del t. VII - t. VIII (con 210 fig. y 7 lám. col.) + Índice... t. VIII - t. IX (con 219 fig. y 7 lám. col.) + Índice... t. IX - t. X (con 142 fig. y 15 lám. col.) + Índice de materias del t. X
525 ## - NOTA DE SUPLEMENTO
Nota de suplemento Suplementos intercalados en diversos v.
650 04 - PUNTO DE ACCESO ADICIONAL DE MATERIA--TÉRMINO DE MATERIA
Término de materia o nombre geográfico como elemento de entrada Patología.
9 (RLIN) 15884
650 07 - PUNTO DE ACCESO ADICIONAL DE MATERIA--TÉRMINO DE MATERIA
Término de materia o nombre geográfico como elemento de entrada Medicina clínica
Fuente del encabezamiento o término embne
9 (RLIN) 14921
700 1# - ENTRADA AGREGADA--NOMBRE PERSONAL
Nombre de persona Cobet, Rudolf.
9 (RLIN) 39341
700 1# - ENTRADA AGREGADA--NOMBRE PERSONAL
Nombre de persona Gutzeit, Kurt.
9 (RLIN) 161470
700 1# - ENTRADA AGREGADA--NOMBRE PERSONAL
Nombre de persona Bock, Hans Erhard.
9 (RLIN) 29676
700 1# - ENTRADA AGREGADA--NOMBRE PERSONAL
Nombre de persona Morales Belda, J. .
9 (RLIN) 161471
700 1# - ENTRADA AGREGADA--NOMBRE PERSONAL
Nombre de persona Ruiz Torres, Francisco.
9 (RLIN) 100938
852 ## - LOCALIZACIÓN
Ubicación ES-MaACL
Número de control de estantería L-31133-42
Nota libre - enc. cart. (troquelada)
Holdings
Estatus retirado Estado de pérdida Estado de daño No para préstamo Biblioteca de origen Biblioteca actual Ubicación en estantería Fecha de adquisición Fuente de adquisición Total de préstamos Signatura topográfica completa Código de barras Visto por última vez Precio de reemplazo Tipo de ítem Koha
        Biblioteca del Ateneo de Madrid Biblioteca del Ateneo de Madrid Depósito 2 17/01/2008     L-31133-42 1047135 23/02/2023 23/02/2023 Libro impreso